The essential guide to environmental chemistry / (Record no. 330223)

000 -LEADER
fixed length control field 01459cam a22003134a 4500
001 - CONTROL NUMBER
control field 12418290
003 - CONTROL NUMBER IDENTIFIER
control field NUST
005 - DATE AND TIME OF LATEST TRANSACTION
control field 20170614113023.0
008 - FIXED-LENGTH DATA ELEMENTS--GENERAL INFORMATION
fixed length control field 010523s2001 enka bf 001 0 eng
010 ## - LIBRARY OF CONGRESS CONTROL NUMBER
LC control number 2001040143
020 ## - INTERNATIONAL STANDARD BOOK NUMBER
International Standard Book Number 0471899542 (pbk.)
040 ## - CATALOGING SOURCE
Original cataloging agency DLC
Transcribing agency DLC
Modifying agency DLC
041 1# - LANGUAGE CODE
Language code of text/sound track or separate title eng
Language code of original ger
042 ## - AUTHENTICATION CODE
Authentication code pcc
050 00 - LIBRARY OF CONGRESS CALL NUMBER
Classification number TD193
Item number .S3813 2001
082 00 - DEWEY DECIMAL CLASSIFICATION NUMBER
Classification number 577.14 SCH
Edition number 21
100 1# - MAIN ENTRY--PERSONAL NAME
Personal name Schwedt, Georg,
Dates associated with a name 1943-
9 (RLIN) 2654
240 10 - UNIFORM TITLE
Uniform title Taschenatlas der Umweltchemie.
Language of a work English
245 14 - TITLE STATEMENT
Title The essential guide to environmental chemistry /
Statement of responsibility, etc. Georg Schwedt ; translated by Brooks Haderlie.
260 ## - PUBLICATION, DISTRIBUTION, ETC.
Place of publication, distribution, etc. Chichester ;
-- New York :
Name of publisher, distributor, etc. John Wiley,
Date of publication, distribution, etc. c2001.
300 ## - PHYSICAL DESCRIPTION
Extent x, 256 p. :
Other physical details col. ill. ;
Dimensions 21 cm.
500 ## - GENERAL NOTE
General note Translation of: Taschenatlas der Umweltchemie.
501 ## - WITH NOTE
With note P.B
504 ## - BIBLIOGRAPHY, ETC. NOTE
Bibliography, etc. note Includes bibliographical references (p. [238]-239) and index.
650 #0 - SUBJECT ADDED ENTRY--TOPICAL TERM
Topical term or geographic name entry element Environmental chemistry
Form subdivision Handbooks, manuals, etc.
9 (RLIN) 2655
856 42 - ELECTRONIC LOCATION AND ACCESS
Materials specified Publisher description
Uniform Resource Identifier <a href="http://www.loc.gov/catdir/description/wiley034/2001040143.html">http://www.loc.gov/catdir/description/wiley034/2001040143.html</a>
856 4# - ELECTRONIC LOCATION AND ACCESS
Materials specified Table of Contents
Uniform Resource Identifier <a href="http://www.loc.gov/catdir/toc/onix06/2001040143.html">http://www.loc.gov/catdir/toc/onix06/2001040143.html</a>
856 42 - ELECTRONIC LOCATION AND ACCESS
Materials specified Book review (E-STREAMS)
Uniform Resource Identifier <a href="http://www.e-streams.com/es0506/es0506_1921.htm">http://www.e-streams.com/es0506/es0506_1921.htm</a>
906 ## - LOCAL DATA ELEMENT F, LDF (RLIN)
a 7
b cbc
c orignew
d 1
e ocip
f 20
g y-gencatlg
942 ## - ADDED ENTRY ELEMENTS (KOHA)
Source of classification or shelving scheme
Koha item type Book
Call number prefix IESE
Holdings
Withdrawn status Lost status Source of classification or shelving scheme Damaged status Not for loan Collection code Permanent Location Current Location Shelving location Date acquired Total Checkouts Full call number Barcode Date last seen Price effective from Koha item type
            Central Library (CL) Central Library (CL) General Stacks 06/14/2017   577.14 SCH IESE-999 06/14/2017 06/14/2017 Book
© 2023 Central Library, National University of Sciences and Technology. All Rights Reserved.